书目信息 |
| 书名: | Models of Teaching | |
| 作者: | Bruce Joyce. | |
| 分册号: | ||
| 分册名: | 出版地: | Boston : |
|
| 出版社: | Allyn and Bacon | |
| 出版时间: | ||
| 页数: | 492 p. ; | |
| 开本: | 29cm. | |
| 丛书名: | ||
| 中图分类号: | ||
| 科图分类号: | ||
| 其他分类号: | G649.712 | |
| 主题词: | ||
| 电子资源: | ||
| 000 | 00470nam 2200169 a 4500 | |
| 001 | E0240089408 | |
| 005 | 2002010911080940 | |
| 008 | 020109s 00010 eng | |
| 020 | @a0-205-13398-3. :@cRMB 12.00. | |
| 040 | @aPFT@beng | |
| 090 | @aG649.712 | |
| 099 | @dG649.712@eJ89 | |
| 245 | @aModels of Teaching / @cBruce Joyce. | |
| 250 | @a4th ed. | |
| 260 | @aBoston :@bAllyn and Bacon. | |
| 300 | @a492 p. ;@c29cm. | |
| 500 | @aIncludes bibliographical references and index | |
| Models of Teaching / / Bruce Joyce.-4th ed.-Boston : : Allyn and Bacon. |
| 492 p. ; ; 29cm. |
| Includes bibliographical references and index |
| ISBN 0-205-13398-3. :RMB 12.00. |
| ● |
| 相关链接 |
|
|
|
正题名:Models of Teaching
索取号:G649.712/J89
 
预约/预借
| 序号 | 登录号 | 条形码 | 馆藏地/架位号 | 状态 | 备注 |
| 1 | 01345 | 300013456 | 社科库409/409社科库 119排3列2层/ [索取号:G649.712/J89] | 在馆 |